000 00458nam a2200193Ia 4500
008 170918s9999 xx 000 0 und d
020 _a9780595069622
050 _bO235 1960
100 _aO'Dell, Scott
245 _aIsland of the blue dolphins /
245 _cScott O'Dell.
260 _aNew York :
260 _bScholastic,
260 _c1960
300 _a184 pages :
300 _bcolored illustration ;
300 _c19cm.
500 _a1000
999 _c342367
_d342367